Wat zijn de 10 Duitse steden met de meeste inwoners - Statistieken

Algemene statistieken
  • Deze quiz is 105 keer genomen
    100 sinds de laatste reset
  • De gemiddelde score is 8 van 10
Antwoordstatistieken
Hint Antwoord % Correct
3.620.031 Berlijn / Berlin
99%
1.450.381 München
96%
1.060.582 Keulen / Köln
95%
1.787.408 Hamburg
92%
732.688 Frankfurt am Main
88%
586.181 Dortmund
84%
612.178 Düsseldorf
83%
560.472 Leipzig
78%
623.738 Stuttgart
72%
582.624 Essen
54%
Geen overeenkomende quizzen gevonden
Scoreverdeling
Procent van Mensen met Elke Score
Percentiel versus Aantal Correcte Antwoorden
Uw Scoregeschiedenis
U heeft deze quiz nog niet genomen sinds de laatste reset